00640nam a2200181 i 450000100060000000300090000600500170001500700030003200800410003510000250007624500970010125000140019826000590021230000280027185200210029999900170032095201210033760197ES-MaACL20230906164156.0t|031103s1918 fr ||||1| fre d1 aErrera, Paul.94743210aTraite de Droit Public belge b: Droit Constitutionnel, Droit Administratif / cPaul Errera. a10ene ed. a[S.l. : bs.n., c1918] (eSaint Amand : fBussiè€re) aVIII, 848 p. ; c23 cm. aES-MaACLjF-4237 c60197d60197 00104070aATENEOMbATENEOMcDEPO2d2008-01-17eSCl0oF-4237p1063142r2023-02-23 00:00:00w2023-02-23yMONOGRAFIA